000 00801cam a2200253ka 4500
999 _c1314
_d1314
001 ABG-9135
003 OSt
005 20210625084941.0
008 950404s1995 enk b 001 0 eng d
010 _a95015182
020 _a0412049910 (hb)
040 _aDLC
_cDLC
050 0 0 _aQA274.3
_b.K85 1995
090 _aQA274.3.K85 1995
090 _aQA274.3.K85 1995
100 1 _aKulkarni, Vidyadhar G.
245 1 0 _aModeling and analysis of stochastic systems /
_cVidyadhar G. Kulkarni.
260 _aLondon ;
_aNew York :
_bChapman & Hall,
_c1995.
300 _axi, 619 p. :
_bill. ;
_c24 cm.
504 _aIncludes bibliographical references (p. [608]-610) and index.
650 0 _aStochastic processes.
942 _2lcc
_cBK
_nSO
945 _aQA274.3.K85 1995
_i30020003424878
_l010101
_t00
_yABG-9135